<?xml version="1.0" encoding="UTF-8"?>
<record
    xmlns:xsi="http://www.w3.org/2001/XMLSchema-instance"
    xsi:schemaLocation="http://www.loc.gov/MARC21/slim http://www.loc.gov/standards/marcxml/schema/MARC21slim.xsd"
    xmlns="http://www.loc.gov/MARC21/slim">

  <leader>02057cam a2200313 a 4500</leader>
  <controlfield tag="005">20170424163528.0</controlfield>
  <controlfield tag="008">000502m20002007ck      rl    00010 spa d</controlfield>
  <datafield tag="015" ind1=" " ind2=" ">
    <subfield code="a">ck-2000-xxxx</subfield>
  </datafield>
  <datafield tag="020" ind1=" " ind2=" ">
    <subfield code="a">9586165523 (obra completa)</subfield>
  </datafield>
  <datafield tag="020" ind1=" " ind2=" ">
    <subfield code="a">9586169146 (tomo 5)</subfield>
  </datafield>
  <datafield tag="040" ind1=" " ind2=" ">
    <subfield code="a">CO-BoBLA </subfield>
    <subfield code="c">CO-BoBLA</subfield>
    <subfield code="d">CO-BoIAVH </subfield>
  </datafield>
  <datafield tag="041" ind1="0" ind2=" ">
    <subfield code="a">spa</subfield>
  </datafield>
  <datafield tag="043" ind1=" " ind2=" ">
    <subfield code="a">s-ck---</subfield>
  </datafield>
  <datafield tag="044" ind1=" " ind2=" ">
    <subfield code="a">ck</subfield>
  </datafield>
  <datafield tag="082" ind1="0" ind2="4">
    <subfield code="a">344.046 </subfield>
    <subfield code="b">A27l</subfield>
  </datafield>
  <datafield tag="245" ind1="1" ind2="0">
    <subfield code="a">Lecturas sobre derecho del medio ambiente / </subfield>
    <subfield code="c">Universidad Externado de Colombia.</subfield>
  </datafield>
  <datafield tag="260" ind1=" " ind2=" ">
    <subfield code="a">Bogot&#xE1; : </subfield>
    <subfield code="b">Universidad Externado de Colombia.</subfield>
    <subfield code="c">2000-2007.</subfield>
  </datafield>
  <datafield tag="300" ind1=" " ind2=" ">
    <subfield code="a">7 v. ; </subfield>
    <subfield code="c">25 cm.</subfield>
  </datafield>
  <datafield tag="505" ind1="0" ind2=" ">
    <subfield code="a">v.1 Desde Ecolog&#xF3;a: origen, evoluci&#xF3;n y conceptos hasta Reducci&#xF3;n de la movilidad y su enorme da&#xF1;o ambiental. -- v.2 Desde R&#xE9;gimen de Bosques hasta Evoluci&#xF3;n del derecho penal frente a la ecolog&#xED;a en Colombia. -- v.3 Desde El ruido: normas de emisi&#xF3;n, contenido ambiental de los derechos fundamentales afectados y responsabilidad patrimonial de la administraci&#xF3;n hasta Procedimientos sancionatorio en materia ambiental. -- v.4 Desde La naturaleza jur&#xED;dica del derecho a gozar de un ambiente sano en el derecho constitucional comparado hasta Pasivos ambientales : los mecanismos institucionales para su prevenci&#xF3;n y manejo en la Rep&#xFA;blica Argentina. -- v.5 Desde La protecci&#xF3;n penal del ambiente : delitos ambientales hasta Cormagdalena, &#xFA;nic corporaci&#xF3;n aut&#xF3;noma de origen constitucional y su relaci&#xF3;n con el SINA.</subfield>
  </datafield>
  <datafield tag="650" ind1="1" ind2="4">
    <subfield code="a">Derecho ambiental</subfield>
    <subfield code="x"> Legislaci&#xF3;n</subfield>
    <subfield code="z"> Colombia</subfield>
    <subfield code="v">Congresos, conferencias, etc.</subfield>
  </datafield>
  <datafield tag="650" ind1="2" ind2="4">
    <subfield code="a">Gesti&#xF3;n ambiental</subfield>
    <subfield code="x"> Legislaci&#xF3;n</subfield>
    <subfield code="z"> Colombia</subfield>
    <subfield code="v">Congresos, conferencias, etc.</subfield>
  </datafield>
  <datafield tag="650" ind1="2" ind2="4">
    <subfield code="a">Control ambiental</subfield>
    <subfield code="v">Congresos, conferencias, etc.</subfield>
  </datafield>
  <datafield tag="650" ind1="2" ind2="4">
    <subfield code="a">Desarrollo sostenible</subfield>
    <subfield code="v">Congresos, conferencias, etc.</subfield>
  </datafield>
  <datafield tag="650" ind1="2" ind2="4">
    <subfield code="a">Protecci&#xF3;n del medio ambiente</subfield>
    <subfield code="v">Congresos, conferencias, etc.</subfield>
  </datafield>
  <datafield tag="650" ind1="2" ind2="4">
    <subfield code="a">Protecci&#xF3;n de bosques</subfield>
    <subfield code="v">Congresos, conferencias, etc.</subfield>
  </datafield>
  <datafield tag="710" ind1="2" ind2=" ">
    <subfield code="a">Universidad Externado de Colombia</subfield>
  </datafield>
  <datafield tag="942" ind1=" " ind2=" ">
    <subfield code="2">ddc</subfield>
    <subfield code="c">LIBRO</subfield>
    <subfield code="0">1</subfield>
  </datafield>
  <datafield tag="949" ind1=" " ind2=" ">
    <subfield code="a">c     </subfield>
    <subfield code="b">c</subfield>
  </datafield>
  <datafield tag="999" ind1=" " ind2=" ">
    <subfield code="c">5282</subfield>
    <subfield code="d">5282</subfield>
  </datafield>
  <datafield tag="952" ind1=" " ind2=" ">
    <subfield code="0">0</subfield>
    <subfield code="1">0</subfield>
    <subfield code="2">ddc</subfield>
    <subfield code="4">0</subfield>
    <subfield code="7">0</subfield>
    <subfield code="8">GENERAL</subfield>
    <subfield code="I">INV2017</subfield>
    <subfield code="a">Bogota</subfield>
    <subfield code="b">Bogota</subfield>
    <subfield code="d">2006-09-22</subfield>
    <subfield code="e">Instituto</subfield>
    <subfield code="g">39000.00</subfield>
    <subfield code="l">1</subfield>
    <subfield code="o">LB-344.046  A27l</subfield>
    <subfield code="p">023312</subfield>
    <subfield code="r">2017-02-06 00:00:00</subfield>
    <subfield code="s">2017-02-06</subfield>
    <subfield code="t">Ej. 1</subfield>
    <subfield code="w">2012-12-04</subfield>
    <subfield code="x">Donaci&#xF3;n</subfield>
    <subfield code="y">LIBRO</subfield>
  </datafield>
</record>
